000 00554nam a2200121Ia 4500
008 220620s9999||||xx |||||||||||||| ||und||
100 _aWeller, Martin
245 0 _a25 Years of Ed Tech
546 _aEnglish[eng]
650 _apostsecondary||university||learning||classroom||e-learning||social media||massive open online courses||artificial intelligence||AI||MOOC||constructivism||learning management system;||learning analytics||universities in the digital age||MOOCs
856 _uhttps://www.aupress.ca/books/120290-25-years-of-ed-tech/
942 _cEB
999 _c33962
_d33962